Japan's experience with a fixed rate of Y360 for 20 years

Uloženo v:
Podrobná bibliografie
Hlavní autor: Tadashi, Iino
Médium: Kniha
Jazyk:Undetermined
Vydáno: Tokyo The Mitsui Bank, limited 1969
Témata:
Tagy: Přidat tag
Žádné tagy, Buďte první, kdo otaguje tento záznam!
Thư viện lưu trữ: Trung tâm Học liệu Trường Đại học Cần Thơ
LEADER 00481nam a2200169Ia 4500
001 CTU_78882
008 210402s9999 xx 000 0 und d
082 |a 330.9 
082 |b I.25 
100 |a Tadashi, Iino 
245 0 |a Japan's experience with a fixed rate of Y360 for 20 years 
245 0 |c Tadashi Iino 
260 |a Tokyo 
260 |b The Mitsui Bank, limited 
260 |c 1969 
650 |a Economic development 
980 |a Trung tâm Học liệu Trường Đại học Cần Thơ